Statistics for Top 15 Countries with Covid-19 Deaths - 18 Feb 2021

Click here to take the quiz!

General Stats

  • This quiz has been taken 20 times
  • The average score is 17 of 24

Answer Stats

country% Correct
United Kingdom
100%
United States
100%
Brazil
95%
France
95%
Germany
95%
Mexico
95%
Russia
95%
India
90%
Italy
85%
Spain
85%
Argentina
80%
Colombia
75%
Belgium
70%
Peru
70%
Portugal
70%
Iran
55%
South Africa
55%
Czechia
50%
Croatia
45%
Hungary
40%
Bulgaria
35%
Slovenia
35%
Bosnia and
Herzegovina
30%
North Macedonia
25%

Score Distribution

Percentile by Number Answered

Percent of People with Each Score

Your Score History

You have not taken this quiz